000 00367nam a22001457a 4500
005 20250904124818.0
008 250904b |||||||| |||| 00| 0 eng d
020 _a978-93-95386-07-4
041 _aeng
100 _aKRISHNA, SHRE SANJAY
_98657
245 _aJHARKHAND KE 50 KRANTIKARI
260 _aNEW DELHI
_bPRABHAT PRAKASHAN
_c2024
300 _a104;P
942 _cBK
999 _c8782
_d8780